Les Pokémon de couleur Violette - Statistiques

Statistiques générales
  • Ce quiz a été pris 7 fois
  • Le résultat moyen est 49 sur 106
Statistiques - réponses
Nom % Correct
0023 Abo
100%
0024 Arbok
100%
0094 Ectoplasma
100%
0092 Fantominus
100%
0094 Méga-Ectoplasma
100%
0150 Méga-Mewtwo X
100%
0150 Méga-Mewtwo Y
100%
0150 Mewtwo
100%
0429 Magirêve
80%
0196 Mentali
80%
0034 Nidoking
80%
0032 Nidoran♂
80%
0033 Nidorino
80%
0207 Scorplane
80%
0093 Spectrum
80%
0049 Aéromite
60%
0317 Avaltout
60%
0715 Bruyverne
60%
0705 Colimucus
60%
0705 Colimucus de Hisui
60%
0452 Drascore
60%
0890 Éthernatos
60%
0649 Genesect
60%
0720 Hoopa
60%
0142 Méga-Ptéra
60%
0048 Mimitoss
60%
0704 Mucuscule
60%
0706 Muplodocus
60%
0706 Muplodocus de Hisui
60%
0042 Nosferalto
60%
0041 Nosferapti
60%
0169 Nostenfer
60%
1025 Pêchaminus
60%
0142 Ptéra
60%
0451 Rapion
60%
0019 Rattata
60%
0714 Sonistrelle
60%
0144 Artikodin de Galar
40%
0425 Baudrive
40%
0424 Capidextre
40%
0190 Capumain
40%
0421 Ceriflor Temps Couvert
40%
0509 Chacripan
40%
0823 Corvaillus
40%
0739 Crabagarre
40%
0091 Crustabri
40%
0301 Delcatty
40%
0210 Granbull
40%
0426 Grodrive
40%
0089 Grotadmorv
40%
0090 Kokiyas
40%
0510 Léopardus
40%
0345 Lilia
40%
0792 Lunala
40%
0804 Mandrillon
40%
0380 Méga-Latias
40%
0381 Méga-Latios
40%
0302 Méga-Ténéfix
40%
0132 Métamorph
40%
0866 M. Glaquette
40%
1008 Miraidon
40%
0877 Morpeko Mode Affamé
40%
0435 Moufflair
40%
0434 Moufouette
40%
0484 Palkia
40%
0741 Plumeline Style Buyō
40%
0666 Prismillon Motif Monarchie
40%
0849 Salarsen
40%
0422 Sancoki Mer Occident
40%
0472 Scorvol
40%
0109 Smogo
40%
0110 Smogogo
40%
0442 Spiritomb
40%
0088 Tadmorv
40%
0302 Ténéfix
40%
0788 Tokopisco
40%
0848 Toxizap
40%
0423 Tritosor Mer Occident
40%
0803 Vémini
40%
0876 Wimessir
40%
0861 Angoliath
20%
0268 Blindalys
20%
0762 Candine
20%
0761 Croquine
20%
0236 Debugant
20%
0226 Démanta
20%
0205 Foretress
20%
0984 Fort-Ivoire
20%
0326 Groret
20%
0756 Lampignon
20%
0314 Lumivole
20%
0937 Malvalame
20%
0545 Méga-Brutapode
20%
0121 Méga-Staross
20%
0575 Mesmérella
20%
0774 Météno Noyau Violet
20%
0105 Ossatueur d’Alola
20%
0855 Polthégeist
20%
0574 Scrutella
20%
0620 Shaofouine
20%
0576 Sidérella
20%
0755 Spododo
20%
0121 Staross
20%
0763 Sucreine
20%
0854 Théffroi
20%
0871 Wattapik
20%
Aucun quiz correspondant
Distribution des résultats
% des personnes avec chaque résultat
Percentile par nombre de réponses
Votre historique - résultats
Vous n’avez pas pris ce quiz